00927nam 22002173 4500001000700000010002200007021001400029090001100043100004100054200020200095210003400297215002800331300012700359606003300486675002100519702004000540801001800580830002300598990001100621995007700632202554 a978-989-644-993-3 b563879/26 a202554 a20260612d u||y0pory50 ba aHistória global da economia e gestão de PortugalfDireção de José António Porfírio, José Eduardo Franco, José Paulo EsperançagCoordenação de João Luis Cardoso...[et al.] aLisboacTemas e Debatesd2026 a777 p.cbrochadod24 cm ainclui artigo do Dr. Jorge Fonseca:" A escravidão promovida pelos portugueses no espaço euro-atlântico". -p. 349-354 91574aHistória de Portugal a94(469)vPTzpor 917505aPorfíriobJosé António aPTbBMMNgRPC cFernandofFernando cLIVROS 002052026-06-12932336bBMMNf32051k94 (469) HIS|LGo0rLIVROSsOferta